<?xml version="1.0" encoding="UTF-8"?>
<record
    xmlns:xsi="http://www.w3.org/2001/XMLSchema-instance"
    xsi:schemaLocation="http://www.loc.gov/MARC21/slim http://www.loc.gov/standards/marcxml/schema/MARC21slim.xsd"
    xmlns="http://www.loc.gov/MARC21/slim">

  <leader>00515nam a22001577a 4500</leader>
  <datafield tag="999" ind1=" " ind2=" ">
    <subfield code="c">114229</subfield>
    <subfield code="d">114229</subfield>
  </datafield>
  <controlfield tag="005">20191014113313.0</controlfield>
  <controlfield tag="008">191014b           ||||| |||| 00| 0 eng d</controlfield>
  <datafield tag="040" ind1=" " ind2=" ">
    <subfield code="c">PK-LaUMT</subfield>
  </datafield>
  <datafield tag="082" ind1=" " ind2=" ">
    <subfield code="a">297.4</subfield>
    <subfield code="b">SHA-Q</subfield>
  </datafield>
  <datafield tag="100" ind1=" " ind2=" ">
    <subfield code="a">Shakoor Shakar "namana", Muhammad &#x634;&#x6A9;&#x648;&#x631; &#x634;&#x627;&#x6A9;&#x631; &#x60C; &#x645;&#x62D;&#x645;&#x62F;</subfield>
  </datafield>
  <datafield tag="245" ind1=" " ind2=" ">
    <subfield code="a">Qaul ka zaman =   /</subfield>
    <subfield code="c">by Muhammad Shakoor Shakar "namana" =  &#x645;&#x62D;&#x645;&#x62F; &#x634;&#x6A9;&#x648;&#x631; &#x634;&#x627;&#x6A9;&#x631; &#x646;&#x645;&#x627;&#x646;&#x627;</subfield>
  </datafield>
  <datafield tag="260" ind1=" " ind2=" ">
    <subfield code="a">Ghotaki :</subfield>
    <subfield code="b">Momal Saba Kamran Rana,</subfield>
    <subfield code="c">NA</subfield>
  </datafield>
  <datafield tag="300" ind1=" " ind2=" ">
    <subfield code="a">136 p.</subfield>
  </datafield>
  <datafield tag="546" ind1=" " ind2=" ">
    <subfield code="a">Saraiki- Natan</subfield>
  </datafield>
  <datafield tag="942" ind1=" " ind2=" ">
    <subfield code="c">BK</subfield>
  </datafield>
  <datafield tag="952" ind1=" " ind2=" ">
    <subfield code="0">0</subfield>
    <subfield code="1">0</subfield>
    <subfield code="4">0</subfield>
    <subfield code="7">0</subfield>
    <subfield code="a">01</subfield>
    <subfield code="b">01</subfield>
    <subfield code="d">2019-10-14</subfield>
    <subfield code="l">1</subfield>
    <subfield code="o">297.4 SHA-Q</subfield>
    <subfield code="p">131660</subfield>
    <subfield code="r">2019-12-29 00:00:00</subfield>
    <subfield code="s">2019-12-15</subfield>
    <subfield code="w">2019-10-14</subfield>
    <subfield code="y">BK</subfield>
  </datafield>
</record>
